El sondeo, herramienta de marketing
Na minha lista:
| Autor principal: | |
|---|---|
| Formato: | Livro |
| Idioma: | espanhol |
| Publicado em: |
Bilbao
Ediciones Deusto
1993
|
| Edição: | 1a. ed |
| Assuntos: | |
| Tags: |
Adicionar Tag
Sem tags, seja o primeiro a adicionar uma tag!
|
MARC
| LEADER | 00000cam a2200000 a 4500 | ||
|---|---|---|---|
| 001 | UCD9100 | ||
| 003 | CL-VaPUC | ||
| 008 | 170602e19930300sp |||||||||||||||||spa|d | ||
| 020 | |a 8423410455 | ||
| 082 | 0 | 4 | |a 658.8 |b ANT |2 21 |
| 100 | 0 | |a Antoine, Jacques |e author |9 592778 | |
| 245 | 1 | 3 | |a El sondeo, herramienta de marketing |
| 250 | |a 1a. ed | ||
| 300 | |a 233 p | ||
| 942 | |c BK | ||
| 945 | |d 20170602 23:29:00 |a arojas | ||
| 260 | |a Bilbao |b Ediciones Deusto |c 1993 | ||
| 650 | 0 | |a Marketing |9 259324 | |
| 650 | 0 | |a Retroalimentación |9 354242 | |
| 650 | 0 | |a Planificación estratégica |9 259735 | |
| 583 | |a last modification |c 20170602 23:29:00 |k Rodrigo Vera | ||
| 999 | |c 368383 |d 368381 | ||